Visualizzazione normale
Vista MARC
- Alber H.
di Personal Name
Records bibliografici associati: 1
001 - CONTROL NUMBER
- control field: 25079
003 - CONTROL NUMBER IDENTIFIER
- control field: IT-RoPau
005 - DATE AND TIME OF LATEST TRANSACTION
- control field: 20140514215000.0
008 - FIXED-LENGTH DATA ELEMENTS
- fixed length control field: 140514|| aca||aabn | a|a d
040 ## - CATALOGING SOURCE
- Original cataloging agency: IT-RoPau
- Transcribing agency: IT-RoPau
100 ## - HEADING--PERSONAL NAME
- Personal name: Alber H.
- Miscellaneous information: Codice autore musica SPICS: 23063
- Relator term: Autore musica
- Name of part/section of a work: Dziewczyna Do Wziecia - Trzeba Zarabiac - Niedopieszczona - Pan Chce Mi Dac Tak Malo
670 ## - SOURCE DATA FOUND
- Source citation: Work cat.: (IT-RoPau)99568: AA.VV. 794, Dziewczyna Do Wziecia (Lp Sx 2587)